00369pab a2200133 454500008004000000100001800040245008900058260000900147300001400156362000800170650001900178650001000197773002800207180718b2003 xxu||||| |||| 00| 0 eng d aCaragata, Lea aNeoconservative realities: the social and economic marginalization of Canadian women c2003 ap.559-80. aSep aWomen - Canada aWomen aInternational Sociology